000 02442nam0a2200421 4500
001 RU\NLR\BIBL_A\011597158
005 20260408073359.0
021 _aRU
_b2017-84336
_96016
029 1 0 _aRU
_b211-2017
_cПНСТ
035 _a(RuMoRGB)009444499
035 _a(NLR Aleph) 011597158
090 _a10867737
_c10867737
100 _a20180117d2017 k a0rusy50 ca
101 0 _arus
102 _aRU
105 _aa l 000|y
200 1 _aОблучение растений светодиодными источниками света
_iМетоды измерений
_dLED plants irradiation. Measurement methods
_zeng
_eПНСТ 211-2017
_fразработан Всероссийским научно-исследовательским, проектно-конструкторским светотехнический институтом им. С.И. Вавилова (ООО "ВНИСИ")
205 _aИзд. офиц.
210 _aМосква
_cСтандартинформ
_d2017
215 _aII, 9 c.
_cил.
_d29
225 1 _aПредварительный национальный стандарт Российской Федерации
_fФедеральное агентство по техническому регулированию и метрологии
239 _aСрок действия 01.12.2017 до 01.12.2020
510 1 _aLED plants irradiation
_zeng
510 1 _aMeasurement methods
_zeng
517 1 _aПНСТ 211-2017
606 1 _aОблучатели теплиц светодиодные
_jСтандарты
_xПараметры
_xИзмерения
_92353611
_3RU\NLR\AUTH\6601628751
610 0 _aискусственное освещение
610 0 _aосвещение теплиц
610 0 _aметоды измерений
675 _a621.316:006.354
686 _a29.140.40
_v2000
_2ОКС
712 0 1 _4725
_aРоссийская Федерация
_bФедеральное агентство по техническому регулированию и метрологии
_9630205
_3RU\NLR\AUTH\8810064304
712 0 2 _4900
_aВсероссийский научно-исследовательский, проектно-конструкторский светотехнический институт им. С. И. Вавилова
_9538535
_3RU\NLR\AUTH\880437159
942 _cBOOK
980 _aNBR